000 00806cam a2200253Ia 4500
008
020 _a9780520290877 (hbk.)
049 _aMAIN
090 _aQA803
_bNEW
100 1 _aNewton, Isaac,
_d1642-1727.
245 1 4 _aThe principia :
_bmathematical principles of natural philosophy /
_cIsaac Newton.
246 _aPrincipia.
_bEnglish.
260 _aLondon :
_bSnowball Pub.,
_c2010.
300 _axvii, 906 p. :
_bill. ;
_c23 cm.
500 _aIncludes index.
600 1 0 _aNewton, Isaac,
_d1642-1727.
_tPrincipia.
650 0 _aMechanics
_vEarly works to 1800.
650 0 _aCelestial mechanics
_vEarly works to 1800.
907 _a.b10379526
_b27-02-17
_c24-02-17
003
005 20230123122245.0
040 _cNUST
942 _cBOOKS
_kQA803
_mNEW
999 _c130538
_d130538